Представление документа в формате RUSMARC

ПолеНазваниеЗначение
  Тип записи a
  Библиографический уровень a
001 Контрольный номер RU/CBS_Ul/BASE/438429390
005 Дата корректировки 20240209175132.5
100 Данные общей обработки __
a Данные общей обработки 20131122d2013 ||| 0rusy0189 ca
101 Язык документа 0_
a Язык текста rus
102 Страна публикации __
a Страна публикации RU
105 Кодированные данные (монография) __
a Кодированные данные (монография) y###||||000|y
200 Заглавие и сведения об ответственности 1_
a Заглавие Дар бессмертный
b Общее обозначение материала Текст
e Сведения, относящиеся к заглавию [сценарий представления ко Дню славянской письменности ]
f Первые сведения об ответственности О. Боченкова, В. Лазарева
300 Общие примечания __
a Общие примечания Ограничения по возрасту - 12+
461 Уровень набора _0
1 2000
a Праздник в школе
463 Уровень физической единицы _0
1 001RU/CBS_Ul/BASE/438255739
1 2000
a №10
v С.81-88.- (Жизнь как факел. Личность в истории).
1 210
d 2013
610 Ключевые слова 0_
a Ключевые слова День славянской письменности
686 Индексы других классификаций __
a Классификационный индекс 74.200.58
2 Код системы ББК
700 Автор _1
a Фамилия Боченкова
b Имя (инициалы) О.
g Полное личное имя О.
701 Альтернативная интеллектуальная ответственность _1
a Фамилия Лазарева
b Имя (инициалы) В.
801 Источник записи _0
a Страна RU
b Организация МБУК ЦБС г. Ульяновска
c Дата составления 20131122
g Правила каталогизации RCR
801 Источник записи _1
a Страна RU
b Организация МБУК ЦБС г. Ульяновска
c Дата составления 20131122
g Правила каталогизации RCR
901 Тип документа __
t Тип документа b
w Контрольный № источника RU/CBS_Ul/BASE/438255739
910 Корректоры записи __
a Корректор записи Михайлова
938 Служебная информация __
a Имя БД period